000
00416nam a2200145Ia 4500
008
100204s9999 xx 000 0 und d
082
_b
4810
100
_a
चव्हाण बिमन
245
_a
नराधम
260
_b
"डिंंंंप्ंाल पब्लिकेशन, वसई"
_c
1982
300
_a
147
630
_a
नराधम
730
_a
नराधम
942
_c
BOOK
999
_c
449491
_d
449488